000 00523nam a2200181Ia 4500
003 GCL
008 140319s9999 xx 000 0 ara d
040 _aGCL /
_cGCL
082 0 4 _a616.0759
_bع ا
100 1 _aعدنان مولوى (مترجم)
245 1 0 _aاختر حياتك, اختر موتك /
_cعدنان مولوى (مترجم)
700 1 _aبرنار، كريستيان
300 _a150 ص
490 _aكتاب
_v0
650 0 4 _aالطب
650 0 4 _aالكيمياء الحيوية
942 _2ddc
_cBK
999 _c41202
_d41202